书目信息 |
| 题名: |
卢梭全集
|
|
| 作者: | 卢梭 著 ;李平沤 译 | |
| 分册: | 第2卷 忏悔录 | |
| 出版信息: | 北京 商务印书馆 2012.06 |
|
| 页数: | 477页 | |
| 开本: | 24cm | |
| 丛书名: | ||
| 单 册: | ||
| 中图分类: | B565.26-52 , I565.44 | |
| 科图分类: | ||
| 主题词: | 自传体小说--法国--近代 , 长篇小说--法国--近代 , 自传体小说 , 长篇小说 | |
| 电子资源: | ||
| ISBN: | 978-7-100-09154-1 | |
| 000 | 01060nam0 2200325 450 | |
| 001 | 005994453 | |
| 005 | 20130426102845.48 | |
| 010 | @a978-7-100-09154-1@b精装@dCNY109.00 | |
| 100 | @a20120822d2012 em y0chiy0110 ea | |
| 101 | 1 | @achi@cfre |
| 102 | @aCN@b110000 | |
| 105 | @aa z 000ad | |
| 106 | @ar | |
| 200 | 1 | @a卢梭全集@9lu suo quan ji@h第2卷@i忏悔录@h下@f李平沤译 |
| 210 | @a北京@c商务印书馆@d2012.06 | |
| 215 | @a477页@c图@d24cm | |
| 305 | @a根据法国大众书社袖珍丛书1972年版译出 | |
| 330 | @a《卢梭全集》共分为九卷,本书是自传类著作,为第二卷。 | |
| 600 | 0 | @a卢梭@c(Rousseau, Jean Jacques@f1712-1778)@j全集 |
| 600 | 0 | @a卢梭@c(Rousseau, Jean Jacques@f1712-1778) |
| 606 | 0 | @a自传体小说@y法国@z近代 |
| 606 | 0 | @a长篇小说@y法国@z近代 |
| 606 | 0 | @a自传体小说 |
| 606 | 0 | @a长篇小说 |
| 690 | @aB565.26-52@v5 | |
| 690 | @aI565.44@v5 | |
| 701 | 0 | @c(法)@a卢梭@9lu suo@c(Rousseau, Jean-Jacques@f1712~1778)@4著 |
| 702 | 0 | @a李平沤@9li ping ou@f(1924~)@4译 |
| 801 | 0 | @aCN@bNLC@c20121102 |
| 905 | @b542342-44@dB565.26-52@e60:2@f3 | |
| 卢梭全集.第2卷.忏悔录.下/李平沤译.-北京:商务印书馆,2012.06 |
| 477页:图;24cm |
| ISBN 978-7-100-09154-1(精装):CNY109.00 |
| 《卢梭全集》共分为九卷,本书是自传类著作,为第二卷。 |
| ● |
| 相关链接 |
|
|
|
|
正题名:卢梭全集
索取号:B565.26-52/60:2
 
预约/预借
| 序号 | 登录号 | 条形码 | 馆藏地/架位号 | 状态 | 备注 |
| 1 | 542342 | 205423424 | 第一样本阅览室/ [索取号:B565.26-52/60:2] | 在馆 | |
| 2 | 542343 | 205423433 | 第一借阅区/ [索取号:B565.26-52/60:2] | 在馆 | |
| 3 | 542344 | 205423442 | 第一借阅区/ [索取号:B565.26-52/60:2] | 在馆 |